| 000 | 00562nam a2200181Ia 4500 | ||
|---|---|---|---|
| 003 | GCL | ||
| 008 | 140319s9999 xx 000 0 ara d | ||
| 040 |
_aGCL / _cGCL |
||
| 082 | 0 | 4 |
_a811.009 _bا ن |
| 100 | 1 | _aابراهيم السامرائى | |
| 245 | 1 | 0 |
_aمن الضائع من معجم الشعراء للمرزبانى / _cابراهيم السامرائى |
| 300 | _a165 ص | ||
| 490 | _a | ||
| 650 | 0 | 4 | _aالشعر العربى |
| 650 | 0 | 4 | _aالشعر - دواوين و قصائد |
| 650 | 0 | 4 | _aالشعر - تاريخ ونقد |
| 942 |
_2ddc _cBK |
||
| 999 |
_c38851 _d38851 |
||